| 000 | 01387nam a2200241Ia 4500 | ||
|---|---|---|---|
| 003 | Ost | ||
| 005 | 20260507075219.0 | ||
| 008 | 260507s9999||||xx |||||||||||||| ||und|| | ||
| 020 | _a81603899579 | ||
| 040 | _cfsecg | ||
| 041 | _aara | ||
| 082 | _a330 | ||
| 100 |
_aالعذاري، عدنان داود محمد _eمؤلف |
||
| 245 | 0 |
_aالاقتصاد القياسي نظرية و حلول : _bتطبيق باستخدام برنامج Minitab ,Relase 14 / _c عدنان داود محمد العذاري |
|
| 260 |
_aعمان: _bدار جرير, _c2010 |
||
| 300 |
_a199 صفحة؛ _bإيضاحات ؛ _c24 سم |
||
| 504 | _aمراجع ص.189 ؛ ملاحق ص191 | ||
| 520 | _aالبيانات و النماذج : نموذج الانحدار البسيط ، الانحدار المتعدد ، التقدير باستدام الكمبيوتر، المشاكل القياسية : مشكلة التعدد الخطي ، الرتباط الذاتي و مشكل عدم ثبات تجانس التباين ، المتغيرات الخارجية و الداخلية المختلفة زمنا ، تمارين النماذج الآنية ، التحيز الآني و مشكل التشخيص ، طرق تقدير النماذج الآنية . | ||
| 653 | _aالإقتصاد الرياضي | ||
| 653 | _aالاقتصاد القياسي | ||
| 653 | _aالتنبؤ | ||
| 942 | _cكتاب | ||
| 999 |
_c43513 _d43513 |
||